Creolization as cultural creativity / (Record no. 49617)
[ view plain ]
| 000 -LEADER | |
|---|---|
| fixed length control field | 01048cam a2200325 a 4500 |
| 001 - CONTROL NUMBER | |
| control field | 16617349 |
| 003 - CONTROL NUMBER IDENTIFIER | |
| control field | 0 |
| 005 - DATE AND TIME OF LATEST TRANSACTION | |
| control field | 20170323154443.0 |
| 008 - FIXED-LENGTH DATA ELEMENTS--GENERAL INFORMATION | |
| fixed length control field | 110120s2011 msua b 001 0 eng |
| 010 ## - LIBRARY OF CONGRESS CONTROL NUMBER | |
| LC control number | 2011001437 |
| 020 ## - INTERNATIONAL STANDARD BOOK NUMBER | |
| International Standard Book Number | 9781617031069 (cloth : alk. paper) |
| 020 ## - INTERNATIONAL STANDARD BOOK NUMBER | |
| International Standard Book Number | 1617031062 (cloth : alk. paper) |
| 020 ## - INTERNATIONAL STANDARD BOOK NUMBER | |
| Cancelled/invalid ISBN | 9781617031076 (ebook) |
| 020 ## - INTERNATIONAL STANDARD BOOK NUMBER | |
| Cancelled/invalid ISBN | 1617031070 (ebook) |
| 035 ## - SYSTEM CONTROL NUMBER | |
| System control number | (OCoLC)ocn701672460 |
| 040 ## - CATALOGING SOURCE | |
| Transcribing agency | SPU |
| 043 ## - GEOGRAPHIC AREA CODE | |
| Geographic area code | n-us-la |
| -- | s-ag--- |
| -- | cc----- |
| 050 00 - LIBRARY OF CONGRESS CALL NUMBER | |
| Classification number | GR111 |
| Item number | .F73C74 2011 |
| 245 00 - TITLE STATEMENT | |
| Title | Creolization as cultural creativity / |
| Statement of responsibility, etc | edited by Robert Baron and Ana C. Cara. |
| 260 ## - PUBLICATION, DISTRIBUTION, ETC. (IMPRINT) | |
| Place of publication, distribution, etc | Jackson : |
| Name of publisher, distributor, etc | University Press of Mississippi, |
| Date of publication, distribution, etc | c2011. |
| 300 ## - PHYSICAL DESCRIPTION | |
| Extent | xi, 354 p. : |
| Other physical details | ill. ; |
| Dimensions | 24 cm. |
| 504 ## - BIBLIOGRAPHY, ETC. NOTE | |
| Bibliography, etc | Includes bibliographical references and index. |
| 650 #0 - SUBJECT ADDED ENTRY--TOPICAL TERM | |
| Topical term or geographic name as entry element | Creoles |
| Geographic subdivision | Louisiana |
| General subdivision | Folklore. |
| 650 #0 - SUBJECT ADDED ENTRY--TOPICAL TERM | |
| Topical term or geographic name as entry element | Creoles |
| Geographic subdivision | Caribbean Region |
| General subdivision | Folklore. |
| 650 #0 - SUBJECT ADDED ENTRY--TOPICAL TERM | |
| Topical term or geographic name as entry element | Creoles |
| Geographic subdivision | Argentina |
| General subdivision | Folklore. |
| 650 #0 - SUBJECT ADDED ENTRY--TOPICAL TERM | |
| Topical term or geographic name as entry element | Folklore |
| General subdivision | Performance. |
| 700 1# - ADDED ENTRY--PERSONAL NAME | |
| Personal name | Baron, Robert A. |
| 700 1# - ADDED ENTRY--PERSONAL NAME | |
| Personal name | Cara, Ana C. |
| 942 ## - ADDED ENTRY ELEMENTS (KOHA) | |
| Source of classification or shelving scheme | Library of Congress Classification |
| Koha item type | Book |
| Withdrawn status | Lost status | Source of classification or shelving scheme | Damaged status | Not for loan | Collection code | Home library | Current library | Shelving location | Date acquired | Source of acquisition | Cost, normal purchase price | Total Checkouts | Full call number | Barcode | Copy number | Price effective from | Koha item type |
|---|---|---|---|---|---|---|---|---|---|---|---|---|---|---|---|---|---|
| Library of Congress Classification | Non-fiction | Bishop Okullu Memorial Library (Limuru Campus) | Bishop Okullu Memorial Library (Limuru Campus) | General Circulation | 23/03/2017 | Donation-BFA | 2000.00 | GR111 .F73C74 2011 | 052143 | 1 | 23/03/2017 | Book |